000
00291nam a2200121Ia 4500
008
190722s9999 xx 000 0 und d
020
_a
978-0-07-132117-4
100
_a
Carlson Crilly
245
0
_a
Communication Systems
260
_a
India
_b
MC Graw Hill
_c
2011
300
_a
924
942
_c
BK
999
_c
77
_d
77